[Event "IX American Continental Classical Championship 201"]
[Site "Hotel Pipa AtlÃ¢ntico - Praia da Pipa - Rio Grande"]
[Date "2014.10.19"]
[Round "3"]
[Board "31"]
[White "Pereira, Silvio Cunha"]
[Black "Fiora, Emilio"]
[Result "0-1"]
[WhiteElo "2335"]
[BlackElo "2058"]
[PlyCount "64"]
[EventDate "2014.10.18"]
[EventRounds "11"]
[EventCountry "BRA"]

1. e4 c5 2. Nf3 d6 3. d4 cxd4 4. Qxd4 Nc6 5. Bb5 Qd7 6. Qa4 e5 7. Nc3 Rb8 8.
O-O a6 9. Be2 Nf6 10. b4 b5 11. Qb3 Qb7 12. a4 Be6 13. Qa3 Nd4 14. Nxd4 exd4
15. axb5 dxc3 16. bxa6 Qc7 17. b5 d5 18. Qa4 Nd7 19. exd5 Bxd5 20. Rd1 Nb6 21.
Qd4 Bd6 22. Qxg7 Bxh2+ 23. Kh1 Be5 24. Bf4 Bxf4 25. Qxh8+ Ke7 26. Qg7 Qd6 27.
Bf3 Rg8 28. Re1+ Kd7 29. Bg4+ Kc7 30. Qxc3+ Nc4 31. Re4 Rxg4 32. Rxc4+ Kd7 0-1

[Event "IX American Continental Classical Championship 201"]
[Site "Hotel Pipa AtlÃ¢ntico - Praia da Pipa - Rio Grande"]
[Date "2014.10.19"]
[Round "3"]
[Board "32"]
[White "Rocha, Vitor Firmo De Souza"]
[Black "Acosta, Pablo Ismael"]
[Result "0-1"]
[WhiteElo "2041"]
[BlackElo "2300"]
[PlyCount "62"]
[EventDate "2014.10.18"]
[EventRounds "11"]
[EventCountry "BRA"]

1. e4 c5 2. Nf3 d6 3. Bb5+ Bd7 4. Bxd7+ Nxd7 5. O-O Ngf6 6. Qe2 Rc8 7. c3 c4 8.
b3 Qc7 9. Na3 cxb3 10. axb3 a6 11. b4 b5 12. Bb2 Qb7 13. Rfe1 e6 14. d4 d5 15.
e5 Ne4 16. Nb1 Nb6 17. Nfd2 Nxd2 18. Qxd2 Be7 19. Ra2 Na4 20. Ba1 O-O 21. Qd3
Rc6 22. Nd2 Qc7 23. Ra3 a5 24. Qxb5 Nxc3 25. Bxc3 Rxc3 26. Rxa5 Rc2 27. Nf3 Rb8
28. Qa4 Bxb4 29. Ra7 Bxe1 30. Nxe1 Rc1 31. Kf1 Qc3 0-1

[Event "IX American Continental Classical Championship 201"]
[Site "Hotel Pipa AtlÃ¢ntico - Praia da Pipa - Rio Grande"]
[Date "2014.10.19"]
[Round "3"]
[Board "33"]
[White "Terao, Juliana Sayumi"]
[Black "Pinto, Rafael Henrique"]
[Result "1/2-1/2"]
[WhiteElo "2229"]
[BlackElo "2042"]
[PlyCount "106"]
[EventDate "2014.10.18"]
[EventRounds "11"]
[EventCountry "BRA"]

1. e4 e5 2. Nf3 Nc6 3. Nc3 Nf6 4. Bb5 Bd6 5. O-O O-O 6. d3 h6 7. a3 Re8 8. Re1
a6 9. Bc4 Bc5 10. Nd5 d6 11. c3 Bg4 12. h3 Be6 13. d4 exd4 14. cxd4 Bxd5 15.
Bxd5 Bb6 16. Bxc6 bxc6 17. Qc2 c5 18. dxc5 Bxc5 19. e5 Nd7 20. Bf4 dxe5 21.
Nxe5 Bd6 22. Qf5 Qf6 23. Qxd7 Qxf4 24. g3 Qf6 25. Ng4 Rxe1+ 26. Rxe1 Qxb2 27.
a4 Qb4 28. Re3 Rf8 29. Kg2 h5 30. Ne5 h4 31. Qf5 Qxa4 32. Re4 Qc2 33. Nd7 Qc6
34. Nxf8 Bxf8 35. gxh4 g6 36. Qe5 a5 37. h5 gxh5 38. Qg5+ Bg7 39. f3 a4 40.
Qxh5 a3 41. Re2 Qg6+ 42. Qxg6 fxg6 43. Re8+ Kf7 44. Ra8 Bb2 45. Kf2 c5 46. Ke3
c4 47. Kd2 c3+ 48. Kc2 Kf6 49. Ra5 g5 50. Kb3 Kg6 51. Rc5 Kh6 52. Ra5 Kg6 53.
Rc5 Kh6 1/2-1/2

[Event "IX American Continental Classical Championship 201"]
[Site "Hotel Pipa AtlÃ¢ntico - Praia da Pipa - Rio Grande"]
[Date "2014.10.19"]
[Round "3"]
[Board "34"]
[White "Xavier, Lucca Lucas"]
[Black "Teixeira, Ricardo Da Silva"]
[Result "0-1"]
[WhiteElo "2039"]
[BlackElo "2220"]
[PlyCount "84"]
[EventDate "2014.10.18"]
[EventRounds "11"]
[EventCountry "BRA"]

1. e4 e6 2. d4 d5 3. Nc3 Bb4 4. a3 Bxc3+ 5. bxc3 dxe4 6. Qg4 Nf6 7. Qxg7 Rg8 8.
Qh6 Nbd7 9. Ne2 b6 10. Ng3 Bb7 11. Bg5 Qe7 12. Bb5 c6 13. Be2 Qf8 14. Qh4 Qg7
15. Bxf6 Nxf6 16. Nxe4 Nxe4 17. Qxe4 Qxg2 18. Qxg2 Rxg2 19. Bf3 Rg7 20. a4
O-O-O 21. a5 c5 22. Bxb7+ Kxb7 23. axb6 axb6 24. dxc5 Rg5 25. cxb6 Re5+ 26. Kf1
Rd2 27. Kg2 Rg5+ 28. Kh3 Rxf2 29. Rhb1 f5 30. Ra7+ Kb8 31. Ra4 h5 32. b7 Rf3+
33. Kh4 Rg4+ 34. Rxg4 hxg4 35. Re1 Rh3+ 36. Kg5 Rxh2 37. Rxe6 Rf2 38. Kh4 Kxb7
39. Kg3 Rf3+ 40. Kg2 Rxc3 41. Rf6 Rxc2+ 42. Kg3 Rc3+ 0-1

[Event "IX American Continental Classical Championship 201"]
[Site "Hotel Pipa AtlÃ¢ntico - Praia da Pipa - Rio Grande"]
[Date "2014.10.19"]
[Round "3"]
[Board "35"]
[White "Sega, Carlos Alberto"]
[Black "Magas Varas, Rodrigo"]
[Result "1/2-1/2"]
[WhiteElo "2218"]
[BlackElo "2041"]
[PlyCount "102"]
[EventDate "2014.10.18"]
[EventRounds "11"]
[EventCountry "BRA"]

1. c4 c5 2. g3 g6 3. Bg2 Bg7 4. Nc3 Nc6 5. Nf3 d6 6. a3 e6 7. b4 Nge7 8. Rb1
O-O 9. O-O Nd4 10. Bb2 Bd7 11. e3 Nxf3+ 12. Bxf3 Bc6 13. Ne4 f5 14. Ng5 Qd7 15.
Bxg7 Kxg7 16. bxc5 dxc5 17. d4 cxd4 18. Qxd4+ Qxd4 19. Nxe6+ Kf6 20. Nxd4 Bxf3
21. Nxf3 b6 22. Rfd1 Rfd8 23. h4 h6 24. Kf1 g5 25. Ke2 Nc6 26. hxg5+ hxg5 27.
Rbc1 Na5 28. Rd5 Rxd5 29. cxd5 Rd8 30. Rc7 Rxd5 31. Rxa7 Nc4 32. Rc7 Ne5 33.
Nxe5 Kxe5 34. Rc6 Rb5 35. f4+ gxf4 36. gxf4+ Kd5 37. Rc3 Rb1 38. a4 b5 39. axb5
Rxb5 40. Kf3 Rb4 41. Ra3 Ke6 42. Ra6+ Kf7 43. Kg3 Rb8 44. Rc6 Ra8 45. Kh4 Rg8
46. Ra6 Rg1 47. Kh3 Rg8 48. Ra2 Re8 49. Re2 Rg8 50. Rg2 Re8 51. Rg3 Ra8 1/2-1/2

[Event "IX American Continental Classical Championship 201"]
[Site "Hotel Pipa AtlÃ¢ntico - Praia da Pipa - Rio Grande"]
[Date "2014.10.19"]
[Round "3"]
[Board "36"]
[White "Rodrigues, Nei Jorge"]
[Black "Fernandez, Maria Florencia"]
[Result "0-1"]
[WhiteElo "2033"]
[BlackElo "2218"]
[PlyCount "94"]
[EventDate "2014.10.18"]
[EventRounds "11"]
[EventCountry "BRA"]

1. Nf3 Nf6 2. g3 g6 3. Bg2 Bg7 4. O-O O-O 5. d3 d5 6. Nbd2 c5 7. e4 d4 8. a4
Nc6 9. Nc4 h6 10. Qe2 Be6 11. b3 b6 12. Bd2 a6 13. Nh4 b5 14. axb5 axb5 15. Na3
Qb6 16. Rfb1 Ra7 17. h3 Rfa8 18. Qe1 Rxa3 19. f4 Rxa1 20. Rxa1 Rxa1 21. Qxa1
Qa7 22. Qc1 Bd7 23. e5 Ne8 24. e6 fxe6 25. Nxg6 Nd6 26. Qe1 Kf7 27. Ne5+ Nxe5
28. fxe5 Nf5 29. Bf4 Ne3 30. Be4 Qa2 31. Bxe3 dxe3 32. Qe2 Qa1+ 33. Kg2 Qxe5
34. Qxe3 Kg8 35. Qf3 Qg5 36. Qe2 Bc3 37. Qf3 Qd2+ 38. Kf1 e5 39. Bd5+ e6 40.
Qg4+ Kf7 41. Be4 Qc1+ 42. Kg2 Qxc2+ 43. Kf1 Qc1+ 44. Kg2 Qd2+ 45. Kf1 Qg5 46.
Qe2 Qxg3 47. Qh5+ Kg7 0-1

[Event "IX American Continental Classical Championship 201"]
[Site "Hotel Pipa AtlÃ¢ntico - Praia da Pipa - Rio Grande"]
[Date "2014.10.19"]
[Round "3"]
[Board "37"]
[White "Cruz, William Ferreira Da"]
[Black "Hurtado Bahamonde, Rodrigo"]
[Result "1-0"]
[WhiteElo "2217"]
[BlackElo "2040"]
[PlyCount "39"]
[EventDate "2014.10.18"]
[EventRounds "11"]
[EventCountry "BRA"]

1. d4 d5 2. c4 c6 3. Nc3 Nf6 4. Nf3 dxc4 5. e4 b5 6. e5 Nd5 7. a4 e6 8. Ng5 Be7
9. h4 Nxc3 10. bxc3 h6 11. Ne4 Qd5 12. Qg4 h5 13. Qf4 b4 14. Rh3 Nd7 15. Rg3 g6
16. Be2 Bb7 17. a5 a6 18. cxb4 Bxb4+ 19. Kf1 Be7 20. Nc3 1-0

[Event "IX American Continental Classical Championship 201"]
[Site "Hotel Pipa AtlÃ¢ntico - Praia da Pipa - Rio Grande"]
[Date "2014.10.19"]
[Round "3"]
[Board "38"]
[White "Mesias Rojas, Rabindranath"]
[Black "Cella, Glaucio Dalla Cortt"]
[Result "1-0"]
[WhiteElo "2209"]
[BlackElo "2033"]
[PlyCount "31"]
[EventDate "2014.10.18"]
[EventRounds "11"]
[EventCountry "BRA"]

1. e4 g6 2. d4 Bg7 3. Nc3 d6 4. Be2 Nf6 5. h4 h5 6. Bg5 Nbd7 7. Nf3 a6 8. Qd3
b5 9. e5 dxe5 10. dxe5 Ng4 11. e6 Nde5 12. Qxd8+ Kxd8 13. O-O-O+ Ke8 14. Nd5
Ra7 15. Nxe7 Bxe6 16. Nf5 1-0

[Event "IX American Continental Classical Championship 201"]
[Site "Hotel Pipa AtlÃ¢ntico - Praia da Pipa - Rio Grande"]
[Date "2014.10.19"]
[Round "3"]
[Board "39"]
[White "Santos, Sidclay Souza"]
[Black "Tapia Fuentes, Jaime"]
[Result "0-1"]
[WhiteElo "2007"]
[BlackElo "2208"]
[PlyCount "58"]
[EventDate "2014.10.18"]
[EventRounds "11"]
[EventCountry "BRA"]

1. e4 c5 2. Nf3 Nc6 3. Nc3 d6 4. d4 cxd4 5. Nxd4 Nf6 6. Bg5 Bd7 7. Bc4 e6 8.
Ndb5 Qb8 9. Bxf6 gxf6 10. Qd2 a6 11. Nd4 Rg8 12. O-O Qc7 13. Bb3 O-O-O 14. Nxc6
Bxc6 15. Qe3 Kb8 16. Rfd1 f5 17. f3 fxe4 18. Nxe4 Rg6 19. Re1 d5 20. Nf2 Bd6
21. h4 Rdg8 22. g4 h5 23. g5 Bg3 24. Red1 Bxh4 25. f4 e5 26. Qh3 Bxf2+ 27. Kxf2
exf4 28. c3 Rxg5 29. Rg1 Qb6+ 0-1

[Event "IX American Continental Classical Championship 201"]
[Site "Hotel Pipa AtlÃ¢ntico - Praia da Pipa - Rio Grande"]
[Date "2014.10.19"]
[Round "3"]
[Board "40"]
[White "Araujo, Jose Roberto"]
[Black "Reboucas, Deive Pacheco"]
[Result "1-0"]
[WhiteElo "2205"]
[BlackElo "2008"]
[PlyCount "93"]
[EventDate "2014.10.18"]
[EventRounds "11"]
[EventCountry "BRA"]

1. e4 a6 2. d4 b5 3. Bd3 Bb7 4. c3 Nf6 5. Nd2 e6 6. Ngf3 c5 7. O-O Qc7 8. Re1
Be7 9. e5 Nd5 10. Ne4 c4 11. Bb1 h6 12. Qe2 a5 13. a4 b4 14. Nfd2 Ba6 15. Qg4
Nc6 16. Qxg7 O-O-O 17. Qg4 Rdg8 18. Qf3 Kb8 19. Bc2 b3 20. Bd1 Rg6 21. Be2 Nd8
22. Bf1 Nb6 23. Nd6 Bxd6 24. exd6 Qxd6 25. Nxc4 Nxc4 26. Bxc4 Bb7 27. Bf4 Bxf3
28. Bxd6+ Kb7 29. Bg3 Bd5 30. Bxd5+ exd5 31. Re5 Kc6 32. Ra3 d6 33. Re7 h5 34.
Rxb3 h4 35. Bf4 Ne6 36. Reb7 Nc7 37. h3 Rhg8 38. g3 Re6 39. Kg2 hxg3 40. fxg3
Re4 41. R3b6+ Kd7 42. Rxd6+ Kc8 43. Rxc7+ Kxc7 44. Rg6+ Rxf4 45. Rxg8 Rf6 46.
Re8 Rb6 47. Re2 1-0

[Event "IX American Continental Classical Championship 201"]
[Site "Hotel Pipa AtlÃ¢ntico - Praia da Pipa - Rio Grande"]
[Date "2014.10.19"]
[Round "3"]
[Board "41"]
[White "Barreto Junior, Williem Silva"]
[Black "Hernandez Riera, Jose"]
[Result "0-1"]
[WhiteElo "2006"]
[BlackElo "2203"]
[PlyCount "74"]
[EventDate "2014.10.18"]
[EventRounds "11"]
[EventCountry "BRA"]

1. Nf3 d5 2. g3 c5 3. Bg2 Nc6 4. O-O e5 5. d3 g6 6. e4 d4 7. a4 Bg7 8. Na3 Nge7
9. Nc4 O-O 10. Bd2 h6 11. Qc1 Kh7 12. a5 Be6 13. b3 Rb8 14. Ne1 Qd7 15. f4 f6
16. Nf3 b5 17. axb6 axb6 18. Ra3 b5 19. Na5 Nxa5 20. Rxa5 Nc6 21. Ra6 Qc8 22.
Qa3 Nb4 23. Bxb4 cxb4 24. Qa2 Bf7 25. Ra1 Qc3 26. Qb1 Rfc8 27. R1a2 Rc7 28. Bh3
Be8 29. Qe1 Qc5 30. Qd2 Bc6 31. f5 g5 32. g4 Bxe4 33. Ne1 Bb7 34. R6a5 e4 35.
dxe4 d3+ 36. Kh1 Bxe4+ 37. Bg2 dxc2 0-1

[Event "IX American Continental Classical Championship 201"]
[Site "Hotel Pipa AtlÃ¢ntico - Praia da Pipa - Rio Grande"]
[Date "2014.10.19"]
[Round "3"]
[Board "42"]
[White "Andrade, Roberto Luiz Costa"]
[Black "Chaves, Jorge Antonio Torres"]
[Result "1-0"]
[WhiteElo "2200"]
[BlackElo "2006"]
[PlyCount "129"]
[EventDate "2014.10.18"]
[EventRounds "11"]
[EventCountry "BRA"]

1. e4 c5 2. Nf3 Nc6 3. d4 cxd4 4. Nxd4 Nf6 5. Nc3 d6 6. Bg5 e6 7. Qd2 h6 8. Bh4
a6 9. O-O-O Bd7 10. Qe1 g5 11. Bg3 Ne5 12. h4 Nh5 13. Bxe5 dxe5 14. Nf3 Bg7 15.
hxg5 hxg5 16. Kb1 g4 17. Nd2 b5 18. Nb3 Qb6 19. a3 O-O-O 20. g3 Nf6 21. Rxh8
Rxh8 22. Bg2 Rh2 23. Qg1 Rh8 24. Qf1 Bf8 25. f4 gxf3 26. Qxf3 Be7 27. Nc1 Be8
28. N3a2 Kb7 29. b4 Bc6 30. Re1 Nxe4 31. Qxf7 Nd2+ 32. Ka1 Bxg2 33. Qxe7+ Qc7
34. Qxc7+ Kxc7 35. Re2 Rh1 36. Rxg2 Nc4 37. g4 Kd6 38. g5 Ke7 39. g6 Kf8 40.
g7+ Kg8 41. Rg6 e4 42. Rxe6 e3 43. Re7 Re1 44. c3 Rd1 45. a4 bxa4 46. Re4 Kxg7
47. Rxc4 e2 48. Re4 e1=Q 49. Rxe1 Rxe1 50. Kb2 Kf7 51. Ka3 Ke7 52. Kxa4 Kd8 53.
Ka5 Kc7 54. Kxa6 Re8 55. Kb5 Kd6 56. c4 Re3 57. Kb6 Kd7 58. b5 Re6+ 59. Kc5 Kc7
60. Nb4 Kb7 61. Nb3 Rh6 62. Na5+ Kc8 63. b6 Rh5+ 64. Kc6 Rh6+ 65. Kb5 1-0

[Event "IX American Continental Classical Championship 201"]
[Site "Hotel Pipa AtlÃ¢ntico - Praia da Pipa - Rio Grande"]
[Date "2014.10.19"]
[Round "3"]
[Board "43"]
[White "Jorquera Cabello, Valentina"]
[Black "Silveira Filho, Neri Da Silva"]
[Result "0-1"]
[WhiteElo "2000"]
[BlackElo "2200"]
[PlyCount "128"]
[EventDate "2014.10.18"]
[EventRounds "11"]
[EventCountry "BRA"]

1. e4 c5 2. Nf3 d6 3. Bb5+ Nd7 4. c3 Ngf6 5. Qe2 e6 6. O-O Be7 7. d4 O-O 8. Bg5
Ne8 9. Bf4 g5 10. Bc1 Ng7 11. h3 f5 12. exf5 exf5 13. Bc4+ Kh8 14. Re1 Bf6 15.
Qd2 Nb6 16. Bd3 c4 17. Bc2 f4 18. d5 Bf5 19. Na3 Qd7 20. Bxf5 Nxf5 21. b3 Qg7
22. Bb2 g4 23. hxg4 Qxg4 24. Nh2 Qg5 25. Nf3 Qg4 26. Nh2 Qg7 27. Qxf4 Be5 28.
Rxe5 dxe5 29. Qg4 Nd6 30. Qxg7+ Kxg7 31. Ng4 Rae8 32. Re1 e4 33. Ne3 Rc8 34. g4
Kg6 35. Nac2 Rfe8 36. Nd4 Re5 37. Ba3 Nf7 38. bxc4 Nxc4 39. Nxc4 Rxc4 40. f4
exf3 41. Nxf3 Rxe1+ 42. Nxe1 Rxg4+ 43. Kf2 Ra4 44. Be7 Kf5 45. Nd3 Ne5 46. Nc5
Rxa2+ 47. Ke3 b6 48. Nb3 Nd7 49. Nd4+ Ke5 50. c4 Nc5 51. Nc6+ Kf5 52. Nd4+ Kg6
53. Bxc5 bxc5 54. Ne6 Ra5 55. d6 Ra6 56. Nf8+ Kf7 57. Nxh7 Rxd6 58. Ng5+ Ke7
59. Ne4 Re6 60. Kd3 Rxe4 61. Kxe4 Kd6 62. Kd3 Ke5 63. Ke3 a5 64. Kd3 Kf4 0-1

[Event "IX American Continental Classical Championship 201"]
[Site "Hotel Pipa AtlÃ¢ntico - Praia da Pipa - Rio Grande"]
[Date "2014.10.19"]
[Round "3"]
[Board "44"]
[White "Herman, Diego"]
[Black "Lopes Silva, Luiz Eduardo"]
[Result "1/2-1/2"]
[WhiteElo "2198"]
[BlackElo "2003"]
[PlyCount "45"]
[EventDate "2014.10.18"]
[EventRounds "11"]
[EventCountry "BRA"]

1. Nc3 Nf6 2. Nf3 g6 3. e4 d6 4. Bc4 Bg7 5. d3 O-O 6. Bg5 c5 7. O-O Nc6 8. h3
a6 9. Re1 b5 10. Bb3 Qc7 11. Qd2 Bb7 12. Bh6 Na5 13. Bxg7 Kxg7 14. Qf4 Nxb3 15.
axb3 Rac8 16. Re3 d5 17. Qxc7 Rxc7 18. Nxd5 Bxd5 19. exd5 Nxd5 20. Re5 Nb4 21.
Ne1 Rd8 22. Kf1 Rd6 23. g3 1/2-1/2

[Event "IX American Continental Classical Championship 201"]
[Site "Hotel Pipa AtlÃ¢ntico - Praia da Pipa - Rio Grande"]
[Date "2014.10.19"]
[Round "3"]
[Board "45"]
[White "Albuquerque, Rafael Anderson"]
[Black "Aliaga Fernandez, Ingrid Y"]
[Result "0-1"]
[WhiteElo "1981"]
[BlackElo "2181"]
[PlyCount "90"]
[EventDate "2014.10.18"]
[EventRounds "11"]
[EventCountry "BRA"]

1. e4 c5 2. Nf3 d6 3. d4 cxd4 4. Nxd4 Nf6 5. Nc3 a6 6. Be2 e6 7. a4 Nc6 8. Be3
Be7 9. O-O O-O 10. f4 Qc7 11. Bf3 Na5 12. Kh1 Nc4 13. Bc1 Re8 14. g4 Nd7 15.
Bg2 Bf8 16. Rf3 b6 17. Rh3 Bb7 18. g5 g6 19. b3 Na5 20. f5 exf5 21. exf5 Bxg2+
22. Kxg2 Qb7+ 23. Kg1 Rac8 24. Bb2 Ne5 25. Qf1 Bg7 26. Rd1 Nac6 27. f6 Bf8 28.
Qf2 Qd7 29. Rg3 d5 30. Nce2 Ng4 31. Qf4 Re4 32. Qf3 Nce5 33. Qh1 Bc5 34. Rd2
Ne3 35. c3 Nf5 36. b4 Nc4 37. Rc2 Bxd4+ 38. cxd4 Rce8 39. Kf2 Nxg3 40. hxg3
Qf5+ 41. Qf3 Qxf3+ 42. Kxf3 Re3+ 43. Kf2 Rxe2+ 44. Rxe2 Rxe2+ 45. Kxe2 Nxb2 0-1

[Event "IX American Continental Classical Championship 201"]
[Site "Hotel Pipa AtlÃ¢ntico - Praia da Pipa - Rio Grande"]
[Date "2014.10.19"]
[Round "3"]
[Board "46"]
[White "Souza Neves, Andrey M."]
[Black "Moura, Paulo Jorge Alves B."]
[Result "1-0"]
[WhiteElo "2173"]
[BlackElo "2000"]
[PlyCount "195"]
[EventDate "2014.10.18"]
[EventRounds "11"]
[EventCountry "BRA"]

1. d4 d5 2. Bf4 Nf6 3. e3 e6 4. Nf3 Nbd7 5. Nbd2 Nh5 6. Bg5 Be7 7. Bxe7 Qxe7 8.
c4 Nhf6 9. cxd5 exd5 10. Qc2 c6 11. Be2 O-O 12. O-O Re8 13. Rab1 Ng4 14. Bd3 h6
15. b4 a6 16. a4 Ngf6 17. b5 cxb5 18. axb5 a5 19. b6 Qd6 20. Qc7 Re6 21. Bf5
Qxc7 22. bxc7 Rc6 23. Bxd7 Nxd7 24. Rfc1 Raa6 25. h3 a4 26. Rxc6 Rxc6 27. Rb5
b6 28. Rb4 a3 29. Ra4 Rc3 30. Ra8 Rxc7 31. Rxa3 f6 32. Rb3 Ba6 33. Kh2 Bc4 34.
Rb2 Rb7 35. Nh4 Bd3 36. Rb3 Ba6 37. Nf5 Kf8 38. Rc3 Ra7 39. Ra3 Nb8 40. Rc3 b5
41. Nb3 Nd7 42. Rc6 Nb8 43. Rc5 Rd7 44. f3 Kf7 45. e4 dxe4 46. fxe4 h5 47. Kg3
g6 48. Ne3 Re7 49. Kf3 Nd7 50. Rc1 Bb7 51. Nd5 Bxd5 52. exd5 Nb6 53. d6 Rd7 54.
Rc5 Rxd6 55. Rxb5 Nd5 56. Rb7+ Kf8 57. Ra7 Re6 58. Nc5 Re3+ 59. Kf2 Re7 60. Ra6
Kf7 61. Rd6 Nf4 62. Kf3 Ne2 63. Rd8 Nc3 64. h4 Nb5 65. Nd3 Re8 66. Rd5 Nc3 67.
Rc5 Ne2 68. Rc7+ Kf8 69. d5 Nd4+ 70. Kf2 Re2+ 71. Kf1 Rd2 72. Nf4 Rd1+ 73. Kf2
Rd2+ 74. Ke3 Nb3 75. Nxg6+ Ke8 76. Nf4 Rd1 77. Ke4 Nd4 78. Ne6 Ne2 79. Rc5 Ng3+
80. Kf4 Ne2+ 81. Kf5 Rf1+ 82. Kg6 Nf4+ 83. Nxf4 Rxf4 84. Kxh5 Ke7 85. g4 Kd6
86. Ra5 Rf1 87. Kg6 Rf4 88. g5 fxg5 89. hxg5 Rf8 90. Kg7 Rf5 91. g6 Rf1 92. Kg8
Rg1 93. g7 Rg2 94. Kf8 Rf2+ 95. Kg8 Rg2 96. Ra6+ Ke7 97. Re6+ Kd7 98. Kh7 1-0

[Event "IX American Continental Classical Championship 201"]
[Site "Hotel Pipa AtlÃ¢ntico - Praia da Pipa - Rio Grande"]
[Date "2014.10.19"]
[Round "3"]
[Board "47"]
[White "Haskin, Zachary J"]
[Black "Barata, Adriano Albiani"]
[Result "1/2-1/2"]
[WhiteElo "1976"]
[BlackElo "2171"]
[PlyCount "105"]
[EventDate "2014.10.18"]
[EventRounds "11"]
[EventCountry "BRA"]

1. d4 Nf6 2. Nf3 g6 3. g3 Bg7 4. Bg2 O-O 5. O-O d6 6. c4 c5 7. Nc3 Nc6 8. dxc5
dxc5 9. Qxd8 Rxd8 10. Be3 Nd4 11. Rfd1 Ne8 12. Nxd4 cxd4 13. Nb5 e5 14. Bg5 f6
15. Bd2 Be6 16. Rac1 Rd7 17. Bb4 a6 18. Na3 Rc8 19. b3 Bh6 20. Rb1 Bf8 21. Bxf8
Kxf8 22. Rd2 Rdc7 23. Rbd1 Ke7 24. Re1 Nd6 25. e3 dxe3 26. Rxe3 Nf5 27. Re1 Kf7
28. Bh3 Rd7 29. Rxd7+ Bxd7 30. Rd1 Bc6 31. Bxf5 gxf5 32. Kf1 Bf3 33. Rd3 e4 34.
Rd4 Ke6 35. Ke1 h5 36. Nb1 h4 37. Nd2 Bg4 38. Nf1 Rh8 39. Rd2 hxg3 40. fxg3 Bf3
41. Kf2 Bg4 42. Ke1 f4 43. gxf4 Kf5 44. Rf2 Bf3 45. Ne3+ Kxf4 46. Nd5+ Ke5 47.
Kd2 f5 48. Ke3 Rh4 49. Rd2 Bh5 50. Nf4 Bf7 51. Rd5+ Kf6 52. Rd2 Rh8 53. Rd6+
 1/2-1/2

[Event "IX American Continental Classical Championship 201"]
[Site "Hotel Pipa AtlÃ¢ntico - Praia da Pipa - Rio Grande"]
[Date "2014.10.19"]
[Round "3"]
[Board "48"]
[White "Januario, Severino Pereira"]
[Black "Pereira, Henry Alberto"]
[Result "1-0"]
[WhiteElo "2171"]
[BlackElo "1995"]
[PlyCount "53"]
[EventDate "2014.10.18"]
[EventRounds "11"]
[EventCountry "BRA"]

1. Nf3 Nf6 2. g3 c5 3. Bg2 g6 4. O-O Bg7 5. c4 Nc6 6. Nc3 O-O 7. e4 d6 8. d3
Bg4 9. h3 Bxf3 10. Bxf3 Nd4 11. Bg2 Nh5 12. Rb1 Rb8 13. Kh2 Qe8 14. g4 Nf6 15.
f4 e6 16. Be3 Qe7 17. Qd2 a6 18. f5 gxf5 19. exf5 exf5 20. Rbe1 Qd7 21. Bh6 Ne8
22. Nd5 Qd8 23. Ne7+ Kh8 24. gxf5 f6 25. Bxg7+ Kxg7 26. Bd5 h6 27. Qg2+ 1-0

[Event "IX American Continental Classical Championship 201"]
[Site "Hotel Pipa AtlÃ¢ntico - Praia da Pipa - Rio Grande"]
[Date "2014.10.19"]
[Round "3"]
[Board "49"]
[White "Maracaba, Francisco Wladimir G"]
[Black "Jodorcovsky Werjivker, Paulo"]
[Result "0-1"]
[WhiteElo "1957"]
[BlackElo "2170"]
[PlyCount "46"]
[EventDate "2014.10.18"]
[EventRounds "11"]
[EventCountry "BRA"]

1. d4 d5 2. Nf3 e6 3. g3 c6 4. Bg2 Nf6 5. O-O Be7 6. Bg5 Nbd7 7. Nbd2 b6 8. Re1
Bb7 9. Bxf6 Nxf6 10. Ne5 O-O 11. e4 Rc8 12. exd5 cxd5 13. c3 Rc7 14. Ndf3 Ba8
15. Nxf7 Rxf7 16. Ng5 Bb7 17. Nxe6 Qd6 18. Nxc7 Qxc7 19. Bh3 Rf8 20. Qe2 Bd6
21. Qb5 Kh8 22. Bg2 Qc8 23. Re2 Ba6 0-1

[Event "IX American Continental Classical Championship 201"]
[Site "Hotel Pipa AtlÃ¢ntico - Praia da Pipa - Rio Grande"]
[Date "2014.10.19"]
[Round "3"]
[Board "50"]
[White "Besso, Guadalupe"]
[Black "Markzon, Gregory"]
[Result "0-1"]
[WhiteElo "1947"]
[BlackElo "2160"]
[PlyCount "50"]
[EventDate "2014.10.18"]
[EventRounds "11"]
[EventCountry "BRA"]

1. d4 Nf6 2. c4 g6 3. Nc3 Bg7 4. e4 d6 5. f4 O-O 6. Nf3 c5 7. d5 e6 8. dxe6
Bxe6 9. Bd3 Nc6 10. f5 Bd7 11. O-O Re8 12. Bg5 h6 13. Bh4 Ne5 14. Nxe5 Rxe5 15.
Bg3 Nh5 16. Bxe5 Bxe5 17. Qf3 Qg5 18. Ne2 gxf5 19. exf5 Bc6 20. Be4 Qh4 21. g3
Qxe4 22. Qxe4 Bxe4 23. Rad1 Nf6 24. h3 Kf8 25. Rd2 Bc6 0-1

[Event "IX American Continental Classical Championship 201"]
[Site "Hotel Pipa AtlÃ¢ntico - Praia da Pipa - Rio Grande"]
[Date "2014.10.19"]
[Round "3"]
[Board "51"]
[White "Cabezas Rojas, Bastian"]
[Black "Caceres Leal, Jaime"]
[Result "1/2-1/2"]
[WhiteElo "1942"]
[BlackElo "2157"]
[PlyCount "107"]
[EventDate "2014.10.18"]
[EventRounds "11"]
[EventCountry "BRA"]

1. d4 d5 2. c4 e6 3. Nc3 c6 4. e4 dxe4 5. Nxe4 Be7 6. Nf3 Nf6 7. Bd3 a6 8. O-O
Nbd7 9. Bf4 Nxe4 10. Bxe4 Nf6 11. Bc2 c5 12. dxc5 Qxd1 13. Rfxd1 Bxc5 14. a3 a5
15. Ba4+ Bd7 16. Rxd7 Nxd7 17. Ne5 O-O-O 18. Bxd7+ Rxd7 19. Nxd7 Kxd7 20. b3
Kc6 21. Bd2 Ra8 22. Bc3 f6 23. Kf1 b5 24. cxb5+ Kxb5 25. Ke2 Rc8 26. Bd2 Bd4
27. a4+ Kb6 28. Rc1 Rd8 29. f3 e5 30. Rc4 h5 31. b4 axb4 32. Rxb4+ Kc6 33. a5
Ra8 34. Rc4+ Kd5 35. Rc7 g5 36. Rd7+ Ke6 37. Rb7 h4 38. h3 Ra6 39. Kd3 Rd6 40.
Kc4 Kf5 41. Kd3 Bg1+ 42. Ke2 Rc6 43. Rb1 Bd4 44. Kd3 Bf2 45. Ra1 Rd6+ 46. Ke2
Bd4 47. Ra4 Ra6 48. Be3 Bxe3 49. Kxe3 Ke6 50. Kf2 Kd5 51. g3 hxg3+ 52. Kxg3 f5
53. h4 gxh4+ 54. Kxh4 1/2-1/2

[Event "IX American Continental Classical Championship 201"]
[Site "Hotel Pipa AtlÃ¢ntico - Praia da Pipa - Rio Grande"]
[Date "2014.10.19"]
[Round "3"]
[Board "52"]
[White "Cortes Orihuela, Javier"]
[Black "Bulgarini Torre, Marco"]
[Result "1-0"]
[WhiteElo "2156"]
[BlackElo "1978"]
[PlyCount "97"]
[EventDate "2014.10.18"]
[EventRounds "11"]
[EventCountry "BRA"]

1. d4 Nf6 2. c4 e6 3. g3 c5 4. d5 exd5 5. cxd5 d6 6. Nc3 g6 7. Bg2 Bg7 8. Nf3
O-O 9. O-O Re8 10. Nd2 a6 11. a4 Nbd7 12. Ra2 Rb8 13. a5 b5 14. axb6 Nxb6 15.
b3 h5 16. Bb2 Bb7 17. e4 Ng4 18. Na4 Ne5 19. Qa1 Nxa4 20. Rxa4 f6 21. Bc3 Bc8
22. Rb1 Qd7 23. Bf1 h4 24. f4 hxg3 25. hxg3 Qg4 26. Kf2 Qh5 27. fxe5 fxe5 28.
Ke3 Bh6+ 29. Kd3 Rf8 30. Kc2 Rf2 31. Rd1 Bg4 32. Bc4 Qg5 33. Qc1 Rbf8 34. Ra2
Rh2 35. Kb1 Rff2 36. Rf1 Qf6 37. Rxf2 Rxf2 38. Rc2 Bf3 39. Qe1 Bg2 40. Kb2 Bg5
41. Nb1 Rxc2+ 42. Kxc2 Qf3 43. Bd3 Qg4 44. Bd2 Bd8 45. Nc3 Ba5 46. Nd1 Bxd2 47.
Kxd2 Qc8 48. Qf2 Bh3 49. Qf6 1-0